000 00611nam a2200193Ia 4500
008 240729s9999 xx 000 0 und d
022 _a2805-2439
245 0 _aNew Valley Journal of Agricultural Science
260 _aEgypt
260 _bNew Valley University, Faculty of Agriculture
650 _a Agriculture (General) | Agriculture
650 _a Animal culture | Agriculture
650 _a Aquaculture. Fisheries. Angling
650 _a Plant culture | Agriculture
650 _aAgriculture
856 _uhttps://doaj.org/toc/cfdbff545d2948109fa47c0b5f97c706
942 _2ddc
942 _cDOAJEJ
999 _c72444
_d72444
945 _a1
_bMadushi Gamage
_c1
_dMadushi Gamage